000 00797nam a2200229Ii 4500
003 JO-AjNU
008 230605s9999||||xx |||||||||||||| ||und||
017 _a2007/4/1089
020 _a978-9957-32-327-1
040 _aJO-AjNU
_bara
_erda
_cJO-AjNU
041 _aara
050 1 4 _aBP940.32.I8.K526 2008
100 3 _aالخوالدة، محمود محمد سليم,
_eauthor
_928924
245 0 0 _aالمصارف الإسلامية
250 _aط1
264 3 1 _aعمان: دار الحامد للنشر والتوزيع، 2008
300 _a210ص
_bقائمة المراجع ص 203-210
336 _atext
_btxt
_2rdacontent
337 _aunmediated
_bn
_2rdamedia
338 _avolume
_bnc
_2rdacarrier
650 4 _aالاقتصاد الاسلامي- البنوك الاسلامية
_928925
999 _aA11280
_c14848
_d14848